[Event "Stare Mesto op"]
[Site "Stare Mesto"]
[Date "2011.08.13"]
[Round "2"]
[White "Plasek, Radim"]
[Black "Novotny, Michal"]
[Result "0-1"]
[WhiteElo "1981"]
[BlackElo "2327"]
[PlyCount "102"]
[EventDate "2011.08.12"]
[EventType "swiss"]
[EventRounds "10"]
[EventCountry "CZE"]
[SourceTitle "CBM 143 Extra"]
[Source "ChessBase"]
[SourceDate "2011.08.29"]
[SourceVersion "1"]
[SourceVersionDate "2011.08.29"]
[SourceQuality "1"]

1. e4 c5 2. Nf3 d6 3. Bc4 e6 4. c3 Nf6 5. Qe2 Be7 6. Bb3 0-0 7. 0-0 b6 8. Re1 Ba6 9. d3 Nc6 10. h3 Qc7 11. Bf4 Rad8 12. Nbd2 h6 13. Qe3 Na5 14. Bc2 e5 15. Bh2 Rfe8 16. g4 Bf8 17. Nh4 d5 18. Kh1 dxe4 19. dxe4 c4 20. Rad1 Qc5 21. Qg3 Nh7 22. Ndf3 f6 23. Nf5 Qb5 24. Rb1 Bb7 25. h4 g5 26. hxg5 hxg5 27. Qh3 Bc8 28. Rg1 Nb7 29. b4 Nd6 30. Qh5 Nxf5 31. gxf5 Bg7 32. Rg3 Re7 33. Rh3 Bf8 34. Rg1 Qe8 35. Qg4 Rg7 36. Rh6 Qf7 37. Rg3 a5 38. a3 axb4 39. axb4 b5 40. Rgh3 Qa7 41. Qh5 g4 42. Rg3 Qxf2 43. Ng1 Qxc2 44. Rxg4 Rxg4 45. Qxg4+ Ng5 46. Rg6+ Bg7 47. Rxg5 fxg5 48. Nf3 Qe2 49. Nxe5 Rd1+ 50. Bg1 Qxg4 51. Nxg4 Bxc3 0-1

[Event "Stare Mesto op"]
[Site "Stare Mesto"]
[Date "2010.08.16"]
[Round "5"]
[White "Plasek, Radim"]
[Black "Vlasak, Lukas"]
[Result "0-1"]
[WhiteElo "2033"]
[BlackElo "2260"]
[PlyCount "108"]
[EventDate "2010.08.13"]
[EventType "swiss"]
[EventRounds "10"]
[EventCountry "CZE"]
[SourceTitle "CBM 138 Extra"]
[Source "ChessBase"]
[SourceDate "2010.10.29"]
[SourceVersion "1"]
[SourceVersionDate "2010.10.29"]
[SourceQuality "1"]

1. c4 Nf6 2. d4 e6 3. Nc3 Bb4 4. a3 Bxc3+ 5. bxc3 b6 6. Nf3 Bb7 7. e3 Ne4 8. Bd3 f5 9. Bb2 0-0 10. 0-0 d6 11. a4 a5 12. Qe2 Nd7 13. Ne1 Qe7 14. f3 Ng5 15. Nc2 e5 16. Na3 Rae8 17. Rae1 Kh8 18. Nb1 e4 19. fxe4 fxe4 20. Bc2 Nf3+ 21. gxf3 exf3 22. Qf2 Nf6 23. Qh4 g5 24. Qg3 Nh5 25. Qg4 Qf7 26. Kf2 Bc8 27. Qg1 g4 28. e4 Rg8 29. Re3 Ref8 30. Ke1 Qxc4 31. Kd1 g3 32. Nd2 f2 33. Nxc4 fxg1Q 34. Rxg1 gxh2 35. Rh1 Rg1+ 36. Re1 Bg4+ 37. Kd2 Rf2+ 38. Kc1 Rxe1+ 39. Rxe1 Ng3 40. Ne3 Rf1 41. Nxf1 h1Q 42. Bd3 Bh3 43. e5 Bxf1 44. Bxf1 Nxf1 45. e6 Qh6+ 46. Kb1 Qd2 47. Rc1 Qd3+ 48. Ka1 Kg8 49. c4 Kf8 50. d5 Ke8 51. Ka2 Nd2 52. Rc3 Qe4 53. Rc1 Nxc4 54. Rd1 Qc2 0-1